The noble scholar, jurist, historian


 His Excellency Dr. Abdul Wahhab bin Ibrahim Abu Sulaiman, may Allah have mercy on him.


 He was born in Umm Al-Qura in the year 1356 AH.

تاريخ القطبي، المسمى، كتاب الإعلام بأعلام بيت الله الحرام في تاريخ مكة المكرمة / (Record no. 7275)

MARC details
000 -LEADER
fixed length control field 01604cam a22003131i 4500
003 - CONTROL NUMBER IDENTIFIER
control field SA-RiAUC
005 - DATE AND TIME OF LATEST TRANSACTION
control field 20250421092001.0
008 - FIXED-LENGTH DATA ELEMENTS--GENERAL INFORMATION
fixed length control field 250201s1964 su g 00000dara c
040 ## - CATALOGING SOURCE
Original cataloging agency SA-JeALM
Language of cataloging ara
Transcribing agency SA-RiAUC
Description conventions rda
041 1# - LANGUAGE CODE
Language code of text/sound track or separate title ara
Language code of original und
043 ## - GEOGRAPHIC AREA CODE
Geographic area code a-su---
082 04 - DEWEY DECIMAL CLASSIFICATION NUMBER
Classification number 953.121
Assigning agency SA-RiAUC
090 ## - LOCALLY ASSIGNED LC-TYPE CALL NUMBER (OCLC); LOCAL CALL NUMBER (RLIN)
Classification number (OCLC) (R) ; Classification number, CALL (RLIN) (NR) ن 953.121
Local cutter number (OCLC) ; Book number/undivided call number, CALL (RLIN) ن هـ ر
100 1# - MAIN ENTRY--PERSONAL NAME
Personal name النهروالي، محمد بن أحمد بن محمد،
Dates associated with a name توفي 988 هجري
Relator term مؤلف.
245 12 - TITLE STATEMENT
Title تاريخ القطبي، المسمى، كتاب الإعلام بأعلام بيت الله الحرام في تاريخ مكة المكرمة /
Statement of responsibility, etc. تأليف محمد بن أحمد النهروالي ؛ شرح محمد طاهر بن عبد القادر الكردي ؛ تقديم محمد أمين كتبي.
246 33 - VARYING FORM OF TITLE
Title proper/short title الإعلام بأعلام بيت الله الحرام في تاريخ مكة المشرفة
264 #1 - PRODUCTION, PUBLICATION, DISTRIBUTION, MANUFACTURE, AND COPYRIGHT NOTICE
Place of production, publication, distribution, manufacture مكة المكرمة :
Name of producer, publisher, distributor, manufacturer المكتبة العلمية،
Date of production, publication, distribution, manufacture, or copyright notice 1951
300 ## - PHYSICAL DESCRIPTION
Extent 380 صفحة ؛
Dimensions 24 سم
336 ## - CONTENT TYPE
Content type term نص
Content type code txt
Source rdacontent
Materials specified كتاب
337 ## - MEDIA TYPE
Media type term بدون وسيط
Media type code n
Source rdamedia
338 ## - CARRIER TYPE
Carrier type term مجلد
Carrier type code nc
Source rdacarrier
500 ## - GENERAL NOTE
General note ملاحظات من الشيخ رحمه الله في بداية الكتاب
651 #7 - SUBJECT ADDED ENTRY--GEOGRAPHIC NAME
Geographic name مكة المكرمة
General subdivision تاريخ
Source of heading or term aucsh
651 #7 - SUBJECT ADDED ENTRY--GEOGRAPHIC NAME
Geographic name مكة المكرمة
Form subdivision تراجم
Source of heading or term aucsh
700 1# - ADDED ENTRY--PERSONAL NAME
Personal name الكردي، محمد طاهر بن عبد القادر،
Dates associated with a name 1321-1400 هجري
Relator term شارح.
700 1# - ADDED ENTRY--PERSONAL NAME
Personal name كتبي، محمد أمين،
Dates associated with a name 1327-1404 هجري
Relator term مقدم.
942 ## - ADDED ENTRY ELEMENTS (KOHA)
Source of classification or shelving scheme Dewey Decimal Classification
Koha item type كتاب نادر
Suppress in OPAC No
949 ## - LOCAL PROCESSING INFORMATION (OCLC)
a SA-JeALM
d 250201
u osman123
n 1
Holdings
Withdrawn status Lost status Source of classification or shelving scheme Damaged status Not for loan Collection Home library Current library Date acquired Total checkouts Full call number Barcode Date last seen Price effective from Koha item type
    Dewey Decimal Classification     ملاحظات DR AbdElwahab Library DR AbdElwahab Library 04/21/2025   ن 953.121 ن هـ ر 000012078 04/21/2025 04/21/2025 كتاب نادر